Central Library OPAC University of Rajshahi

Trends in plant morphogenesis : (Record no. 12587)

MARC details
000 -LEADER
fixed length control field 00776cam a22002411 4500
001 - CONTROL NUMBER
control field 12587
003 - CONTROL NUMBER IDENTIFIER
rucl marc code BD-RjUL
005 - DATE AND TIME OF LATEST TRANSACTION
control field 20211208235324.0
008 - FIXED-LENGTH DATA ELEMENTS--GENERAL INFORMATION
fixed length control field 170522s19671966enkacf b 011 0 eng
035 ## - SYSTEM CONTROL NUMBER
System control number (BD-RjUL)12636
040 ## - CATALOGING SOURCE
Original cataloging agency DLC
Transcribing agency DLC
Modifying agency ICU
-- DLC
Language of cataloging eng
041 ## - LANGUAGE CODE
Language code of text/sound track or separate title eng
082 00 - DEWEY DECIMAL CLASSIFICATION NUMBER
Classification number 581.3
Author mark and year TRE 1967
Edition number 23
100 1# - MAIN ENTRY--PERSONAL NAME
Personal name Cutter, Elizabeth Graham,
9 (RLIN) 39215
245 10 - TITLE STATEMENT
Title Trends in plant morphogenesis :
Remainder of title essays presented to C. W. Wardlaw on his sixty-fifth birthday /
Statement of responsibility, etc. Elizabeth G. Cutter... [et.al]
260 ## - PUBLICATION, DISTRIBUTION, ETC. (IMPRINT)
Place of publication, distribution, etc. London :
Name of publisher, distributor, etc. Longmans,
Date of publication, distribution, etc. c1966[ impression 1967]
300 ## - PHYSICAL DESCRIPTION
Pagination xvi, 329 p. :
Illustrations ill. ;
Size 22 cm.
504 ## - BIBLIOGRAPHY, ETC. NOTE
Bibliography, etc includes index
650 #0 - SUBJECT ADDED ENTRY--TOPICAL TERM
Topical term or geographic name as entry element Plant morphogenesis.
9 (RLIN) 38403
700 1# - ADDED ENTRY--PERSONAL NAME
Personal name G Cutter, Elizabeth
942 ## - ADDED ENTRY ELEMENTS (KOHA)
Source of classification or shelving scheme Dewey Decimal Classification
Koha item type Books
Holdings
Lost status Source of classification or shelving scheme Damaged status Not for loan Collection code Permanent Location Current Location Shelving location Date acquired Source of acquisition Cost, normal purchase price Total Checkouts Full call number Date last seen Copy number Koha item type
  Dewey Decimal Classification     Non-fiction Central Library, University of Rajshahi Central Library, University of Rajshahi   23/10/1973 U.S.GOVT Gift 0.00   581.3 TRE 1967 29/01/2014 C-6 Books
  Dewey Decimal Classification   Not For Loan Non-fiction Central Library, University of Rajshahi Central Library, University of Rajshahi Reading Room 23/10/1973 U.S. Govt.     581.3 TRE 1967 22/05/2017 C-1 Books
  Dewey Decimal Classification     Non-fiction Central Library, University of Rajshahi Central Library, University of Rajshahi   23/10/1973 U.S. Govt.     581.3 TRE 1967 22/05/2017 C-2 Books
  Dewey Decimal Classification     Non-fiction Central Library, University of Rajshahi Central Library, University of Rajshahi   23/10/1973 U.S. Govt.     581.3 TRE 1967 22/05/2017 C-3 Books
  Dewey Decimal Classification     Non-fiction Central Library, University of Rajshahi Central Library, University of Rajshahi   30/10/1970 Sweets & Zeitlinger 70.00   581.3 TRE 1967 22/05/2017 C-4 Books
  Dewey Decimal Classification     Non-fiction Central Library, University of Rajshahi Central Library, University of Rajshahi   30/10/1970 Sweets & Zeitlinger 70.00   581.3 TRE 1967 22/05/2017 C-5 Books
  Dewey Decimal Classification     Non-fiction Central Library, University of Rajshahi Central Library, University of Rajshahi   30/10/1970 Sweets & Zeitlinger 70.00   581.3 TRE 1966 22/05/2017 C-7 Books
  Dewey Decimal Classification     Non-fiction Central Library, University of Rajshahi Central Library, University of Rajshahi   30/10/1970 Sweets & Zeitlinger 70.00   581.3 TRE 1967 22/05/2017 C-8 Books
  Dewey Decimal Classification     Non-fiction Central Library, University of Rajshahi Central Library, University of Rajshahi   30/10/1970 Sweets & Zeitlinger 70.00   581.3 TRE 1967 22/05/2017 C-9 Books
  Dewey Decimal Classification     Non-fiction Central Library, University of Rajshahi Central Library, University of Rajshahi   30/10/1970 Sweets & Zeitlinger 70.00   581.3 TRE 1967 22/05/2017 C-10 Books
  Dewey Decimal Classification     Non-fiction Central Library, University of Rajshahi Central Library, University of Rajshahi   23/10/1973 U.S. Govt     581.3 TRE 1967 26/02/2020 C-11 Books